Vista normal Vista MARC

Entrada Topical Term

Número de registros utilizados en: 1

001 - CONTROL NUMBER

  • control field: 11319

003 - CONTROL NUMBER IDENTIFIER

  • control field: OSt

005 - DATE AND TIME OF LATEST TRANSACTION

  • control field: 20201007122827.0

008 - FIXED-LENGTH DATA ELEMENTS

  • fixed length control field: 201007|| aca||aabn | a|a d

040 ## - CATALOGING SOURCE

  • Original cataloging agency: OSt
  • Transcribing agency: OSt

150 ## - HEADING--TOPICAL TERM

  • Topical term or geographic name entry element: Enseñanza
  • General subdivision: Manuales

670 ## - SOURCE DATA FOUND

  • Source citation: Work cat.: (OSt)3693: Romero Téllez, Antonio, autor 11316, Principios de contabilidad y análisis financiero /, 2008.